<?xml version="1.0" encoding="UTF-8"?>
<record
    xmlns:xsi="http://www.w3.org/2001/XMLSchema-instance"
    xsi:schemaLocation="http://www.loc.gov/MARC21/slim http://www.loc.gov/standards/marcxml/schema/MARC21slim.xsd"
    xmlns="http://www.loc.gov/MARC21/slim">

  <leader>01944nam a22003137a 4500</leader>
  <controlfield tag="001">00798</controlfield>
  <controlfield tag="003">DO-SdBPM</controlfield>
  <controlfield tag="005">20250908140654.0</controlfield>
  <controlfield tag="007">ta</controlfield>
  <controlfield tag="008">160721b2001 sp ||| 00| 0 spa d</controlfield>
  <datafield tag="020" ind1=" " ind2=" ">
    <subfield code="a">9788495498427</subfield>
  </datafield>
  <datafield tag="040" ind1=" " ind2=" ">
    <subfield code="a">DO-SdBPM</subfield>
    <subfield code="b">spa</subfield>
    <subfield code="c">BPMSU</subfield>
    <subfield code="e">rda</subfield>
  </datafield>
  <datafield tag="082" ind1=" " ind2="4">
    <subfield code="a">RD861.44</subfield>
    <subfield code="b">A989d 2001</subfield>
    <subfield code="2">22</subfield>
  </datafield>
  <datafield tag="100" ind1="1" ind2=" ">
    <subfield code="a">Ayuso, Jos&#xE9; Alejandro</subfield>
    <subfield code="e">autor </subfield>
  </datafield>
  <datafield tag="245" ind1="1" ind2="0">
    <subfield code="a">Despalabro total /</subfield>
    <subfield code="c">Jos&#xE9; Alejandro Ayuso</subfield>
  </datafield>
  <datafield tag="260" ind1=" " ind2=" ">
    <subfield code="a"> </subfield>
    <subfield code="b"> </subfield>
    <subfield code="c"> </subfield>
  </datafield>
  <datafield tag="264" ind1=" " ind2=" ">
    <subfield code="a">Madrid :</subfield>
    <subfield code="b">Sial Ediciones, </subfield>
    <subfield code="c">2001</subfield>
  </datafield>
  <datafield tag="300" ind1=" " ind2=" ">
    <subfield code="a">84 p&#xE1;ginas  :</subfield>
    <subfield code="c">21 cm.</subfield>
  </datafield>
  <datafield tag="336" ind1=" " ind2=" ">
    <subfield code="a">texto</subfield>
    <subfield code="b">txt</subfield>
    <subfield code="2">rdacontent</subfield>
  </datafield>
  <datafield tag="337" ind1=" " ind2=" ">
    <subfield code="a">sin mediaci&#xF3;n</subfield>
    <subfield code="b">n</subfield>
    <subfield code="2">rdamedia </subfield>
  </datafield>
  <datafield tag="338" ind1=" " ind2=" ">
    <subfield code="a"> volumen</subfield>
    <subfield code="b">nc</subfield>
    <subfield code="2">rdacarrier</subfield>
  </datafield>
  <datafield tag="490" ind1="0" ind2=" ">
    <subfield code="a">Los raros, </subfield>
    <subfield code="v">11</subfield>
  </datafield>
  <datafield tag="505" ind1="0" ind2=" ">
    <subfield code="a">Vivo de miedo 9 -- I. Arte sano 13 -- Recapitulo 14 -- Casi nada 16 -- Lacan(ci&#xF3;n) 17 -- Lienzo 18 -- Harakiri 19 -- Encuentro fortuito 20 -- Mucha musa 23 -- Savoir-faire 24 -- II. Quejido 27 -- Mariurno 28 -- Mujer y ego 29 -- Yo kundero 30 -- Intitulable 31 -- Justo el amor 32 -- Manuscribirla 33 -- Confesi&#xF3;n inacabada 34 -- Flagelaci&#xF3;n 35 -- Otramente 36 -- III. Arenga laica 41 -- Paradoxo 42 -- M&#xE1;s lluvia 44 -- Otro epitafio en la tumba de Jacques Brel 45 -- Altavoz 46 -- Cantata 47 -- Como un solo hombre 48 -- La guerra del colmo 49 -- No hay vida 50 -- No me levanto 52 -- Freud gui&#xF1;ando un ojo 55 -- Trilogioda 56 -- A mi aire 57 -- Loquema I 58 -- Loquema II 59 -- El vaho de los tiempos 60 -- Expediente clasificado 61 -- Delirium tremens 62 -- Not to be 63 -- El tropo 64 -- Poema S.O.S. (Despu&#xE9;s de la hecatombe verbonuclear). Divertimento 67 -- Especulaci&#xF3;n metapo&#xE9;tica 68 -- Esto no es serio 70 -- Minuta 71 -- Toque profundo 72 -- La v&#xED;ctima 74 -- Mujerfatal 77 -- Prestidigitaci&#xF3;n 79 -- Vidolor 80 -- Inconformidades de fondo conformadas 81</subfield>
  </datafield>
  <datafield tag="590" ind1=" " ind2=" ">
    <subfield code="a">invetariado, 2025/VM</subfield>
  </datafield>
  <datafield tag="650" ind1=" " ind2="7">
    <subfield code="a">Poes&#xED;a dominicana</subfield>
  </datafield>
  <datafield tag="650" ind1=" " ind2="7">
    <subfield code="a">Literatura dominicana</subfield>
  </datafield>
  <datafield tag="910" ind1=" " ind2=" ">
    <subfield code="a">VMateo V. Control de calidad. BPMSU </subfield>
  </datafield>
  <datafield tag="942" ind1=" " ind2=" ">
    <subfield code="2">ddc</subfield>
    <subfield code="c">BK</subfield>
  </datafield>
  <datafield tag="952" ind1=" " ind2=" ">
    <subfield code="0">0</subfield>
    <subfield code="1">0</subfield>
    <subfield code="2">ddc</subfield>
    <subfield code="7">0</subfield>
    <subfield code="8">CD</subfield>
    <subfield code="a">BPMET</subfield>
    <subfield code="b">BPMET</subfield>
    <subfield code="d">2016-07-21</subfield>
    <subfield code="e">Donaci&#xF3;n</subfield>
    <subfield code="l">0</subfield>
    <subfield code="o">BPMSU CD RD861.44 A989d 2001</subfield>
    <subfield code="p">BPMSU16070626</subfield>
    <subfield code="r">2016-07-21</subfield>
    <subfield code="w">2016-07-21</subfield>
    <subfield code="y">BK</subfield>
  </datafield>
  <datafield tag="952" ind1=" " ind2=" ">
    <subfield code="0">0</subfield>
    <subfield code="1">0</subfield>
    <subfield code="2">ddc</subfield>
    <subfield code="7">0</subfield>
    <subfield code="8">CD</subfield>
    <subfield code="a">BPMET</subfield>
    <subfield code="b">BPMET</subfield>
    <subfield code="d">2016-07-21</subfield>
    <subfield code="e">Donaci&#xF3;n</subfield>
    <subfield code="l">0</subfield>
    <subfield code="o">BPMSU CD RD861.44 A989d 2001</subfield>
    <subfield code="p">BPMSU16070627</subfield>
    <subfield code="r">2016-07-21</subfield>
    <subfield code="t">e.2</subfield>
    <subfield code="w">2016-07-21</subfield>
    <subfield code="y">BK</subfield>
  </datafield>
  <datafield tag="999" ind1=" " ind2=" ">
    <subfield code="c">11004</subfield>
    <subfield code="d">11004</subfield>
  </datafield>
</record>
